Die Entlassung (Record no. 5794)

MARC details
000 -CABECERA
campo de control de longitud fija 00698nam a2200229 a 4500
001 - NÚMERO DE CONTROL
campo de control BRCA_6107
005 - FECHA Y HORA DE LA ÚLTIMA TRANSACCIÓN
campo de control 20190320205333.0
008 - DATOS DE LONGITUD FIJA--INFORMACIÓN GENERAL
campo de control de longitud fija 270611s1922----gw-#######---#000-0#ger-#
041 ## - CÓDIGO DE LENGUA
Código de lengua del texto/banda sonora o título independiente ger
044 ## - CÓDIGO DEL PAÍS DE LA ENTIDAD EDITORA/PRODUCTORA
Código MARC del país gw
050 #4 - SIGNATURA TOPOGRÁFICA DE LA BIBLIOTECA DEL CONGRESO
Número de clasificación PT2623 .U31
Número de documento/Ítem .E6 1922
100 1# - ENTRADA PRINCIPAL--NOMBRE DE PERSONA
Nombre de persona Ludwig, Emil
Fechas asociadas al nombre 1881-1948
9 (RLIN) 15431
245 10 - MENCIÓN DE TÍTULO
Título Die Entlassung
Resto del título ein stück Geschichte in drei Akten
Mención de responsabilidad, etc. von Emil Ludwig.
260 ## - PUBLICACIÓN, DISTRIBUCIÓN, ETC.
Lugar de publicación, distribución, etc. Postdam, Alemania
Nombre del editor, distribuidor, etc. G. Kiepenheuer
Fecha de publicación, distribución, etc. 1922
300 ## - DESCRIPCIÓN FÍSICA
Extensión 65 p.
Dimensiones 18 cm.
500 ## - NOTA GENERAL
Nota general K9
600 14 - PUNTO DE ACCESO ADICIONAL DE MATERIA--NOMBRE DE PERSONA
Nombre de persona Bismarck, Otto
Títulos y otros términos asociados al nombre Furst von
Fechas asociadas al nombre 1815-1898
Subdivisión de forma Drama.
9 (RLIN) 15432
650 14 - PUNTO DE ACCESO ADICIONAL DE MATERIA--TÉRMINO DE MATERIA
Término de materia o nombre geográfico como elemento de entrada Literatura Alemana
9 (RLIN) 6160
651 #4 - PUNTO DE ACCESO ADICIONAL DE MATERIA--NOMBRE GEOGRÁFICO
Nombre geográfico Alemania
Subdivisión general Historia
Subdivisión cronológica Guillermo II, 1888-1918
Subdivisión geográfica Drama
9 (RLIN) 15433
902 ## - CATALOGADOR
Iniciales GFM
942 ## - ELEMENTOS DE PUNTO DE ACCESO ADICIONAL (KOHA)
Fuente del sistema de clasificación o colocación Library of Congress Classification
Tipo de ítem Koha Libros
Holdings
Estado de retiro Estado de pérdida Estado dañado No para préstamo Localización permanente Ubicación/localización actual Fecha de adquisición Número de inventario Total de préstamos Signatura topográfica completa Código de barras Fecha visto por última vez Precio válido a partir de Tipo de ítem Koha
El ejemplar forma parte de la colección y puede ser consultado según las políticas vigentes.       Biblioteca del Museo Franz Mayer (Rogerio Casas-Alatriste) Biblioteca del Museo Franz Mayer (Rogerio Casas-Alatriste) 27/06/2011 K9   PT2623 .U31 .E6 1922 (K9) 6546 22/03/2019 22/03/2019 Libros